00336nam a2200133Ia 4500008004100000082001500041100002400056245003700080250001200117260003400129300000800163650001100171700002000182191201s2011 xx 000 0 und d a320.8bSIG aSINGH, Abhay Prasad 0aGovernance Issues and Challenges a1st Rep aUttar PradeshbPearson c2018 a370 aBA GEN aMURARI, Krishna